000 00389nam a2200157 4500
999 _c7794
_d7794
020 _a978174733671
050 _aRT86.5
100 _aGeorge, Maya
245 _aSociology for nurses
_cby Maya George
250 _a2nd
260 _aNew Delhi
_bA.I.T.B.S Publishers
_c2009
300 _a330 pp
500 _aincludes bibliographic references and index
650 _asociology
942 _cBK